[Event "KP MKSS 20/21"]
[Site ""]
[Date "2020.10.04"]
[Round "1.1"]
[White "Kana, Pavel"]
[Black "Byma, Pavel"]
[Result "1/2-1/2"]
[WhiteElo "2018"]
[BlackElo "2040"]
[PlyCount "0"]
[WhiteTeam "SK ASK Tatra Koprivnice "A""]
[BlackTeam "SK Slavoj Poruba "D""]
[EventDate "2020.10.04"]

1. e4 e6 2. d4 d5 3. Nc3 Bb4 4. Nge2 dxe4 5. a3 Be7 6. Nxe4 Nf6 7. N2g3 b6 8.
Qf3 c6 9. c3 Bb7 10. Bd3 Nbd7 11. Bf4 Nxe4 12. Qxe4 Nf6 13. Qe2 Nd5 14. Bd2 Bg5
15. Bxg5 Qxg5 16. Be4 O-O 17. O-O h6 18. Rad1 a5 19. Qh5 Qe7 20. Rfe1 Ba6 21.
Bxd5 cxd5 22. Re3 Bc4 23. Rde1 b5 24. b4 axb4 25. axb4 Qc7 26. Qe5 Qxe5 27.
Rxe5 Ra3 28. Rc1 Rfa8 29. Nf1 Bxf1 30. Kxf1 Rc8 31. Re3 Rb3 32. Ra1 Rcxc3 33.
Rxc3 Rxc3 34. Ra8+ Kh7 35. Rb8 Rc4 36. Rxb5 Rxd4 37. Ke2 Kg6 38. Ke3 Rc4 39.
Kd3 f6 40. Rb7 e5 41. Rd7 Rxb4 42. Rxd5 Kf5 43. Rd7 g6 44. Ke3 Rb3+ 45. Ke2 Kf4
46. Rd6 Rb2+ 47. Ke1 Kf5 48. Ra6 h5 49. Ra4 g5 50. h4 gxh4 51. Rxh4 Kg5 52. g3
f5 53. f4+ exf4 54. Rxf4 Rg2 55. Rf3 Ra2 56. Rf4 Rg2 57. Rf3 Kg4 58. Rf4+ Kxg3
59. Rxf5 h4 60. Kf1 Ra2 61. Rg5+ Kh2 62. Rg4 h3 63. Rg8 Rg2 64. Rh8 Rg4 65. Rf8
Rg5 66. Rf7 Ra5 67. Rg7 Rf5+ 68. Ke2 Rf6 69. Rg8 Kh1 70. Rg7 Rf8 71. Rg6 Ra8
72. Kf2 Ra2+ 73. Kf1 Rg2 74. Rh6 Rg3 75. Kf2 Kh2 76. Rh7 Rg6 77. Rf7 Rg8 78.
Rf6 Rg2+ 79. Kf1 1/2-1/2

[Event "KP MKSS 20/21"]
[Site ""]
[Date "2020.10.04"]
[Round "1.2"]
[White "Vicha, Marek"]
[Black "Omamik, Pavel"]
[Result "1-0"]
[WhiteElo "1943"]
[BlackElo "2072"]
[PlyCount "0"]
[WhiteTeam "SK Slavoj Poruba "D""]
[BlackTeam "SK ASK Tatra Koprivnice "A""]
[EventDate "2020.10.04"]

1. Nf3 g6 2. d4 Bg7 3. g3 f5 4. Bg2 Nf6 5. O-O O-O 6. b3 d6 7. Bb2 Qe8 8. Nbd2
h6 9. c4 Nbd7 10. d5 g5 11. Nd4 Ne5 12. Qc2 Qh5 13. N2f3 f4 14. Nxe5 dxe5 15.
Ne6 Bxe6 16. dxe6 Ng4 17. h3 fxg3 18. fxg3 Rxf1+ 19. Bxf1 Ne3 20. Qe4 Nxf1 21.
Rxf1 Qxh3 22. Bxe5 Qxe6 23. Rf5 Rd8 24. Kg2 c6 25. Qg4 Qd7 26. Bxg7 Kxg7 27.
Qe4 Rf8 28. Re5 Kf6 29. Qf3+ Kxe5 30. Qxf8 Qd6 31. Qa8 Qd2 32. Qxb7 Qxe2+ 33.
Kh3 Kf5 34. Qd7+ Qe6 35. g4+ Ke5 36. Qxa7 Ke4 37. Qf2 Kd3 38. Qf3+ Kd4 39. Kg3
Qe5+ 40. Kg2 c5 41. Qd1+ Ke4 42. Qe2+ Kd4 43. Qxe5+ Kxe5 44. a4 Kd6 45. Kf3 Ke5
46. Ke3 Kd6 47. Ke4 Ke6 48. a5 Kd6 49. Kf5 Kc7 50. Kg6 e5 51. Kf5 Kd6 52. a6
Kc6 53. Kxe5 Kb6 54. Kd5 Kxa6 55. Kxc5 Ka5 56. b4+ Ka4 57. b5 Ka5 58. Kd5 1-0

[Event "KP MKSS 20/21"]
[Site ""]
[Date "2020.10.04"]
[Round "1.3"]
[White "Vysoglad, Petr"]
[Black "Dostal, Radim"]
[Result "0-1"]
[WhiteElo "2052"]
[BlackElo "1964"]
[PlyCount "0"]
[WhiteTeam "SK ASK Tatra Koprivnice "A""]
[BlackTeam "SK Slavoj Poruba "D""]
[EventDate "2020.10.04"]

1. c4 c5 2. Nc3 Nc6 3. Nf3 e5 4. g3 g6 5. Bg2 Bg7 6. O-O Nge7 7. d3 O-O 8. a3
a5 9. Bd2 d6 10. Rb1 f5 11. Qc2 f4 12. Nd5 Nxd5 13. cxd5 Ne7 14. b4 axb4 15.
axb4 b6 16. Ng5 Nf5 17. Ne6 Bxe6 18. dxe6 Nd4 19. Qd1 Ra3 20. Bd5 Kh8 21. Bc1
Ra7 22. e3 Nb5 23. Bd2 Nc7 24. Qb3 f3 25. e4 g5 26. h3 Qf6 27. Ra1 Rxa1 28.
Rxa1 Qh6 29. Kh2 Rf4 30. e7 Qh5 31. Bxf4 exf4 32. Rg1 g4 33. h4 Be5 34. Qa2
fxg3+ 35. Rxg3 Qxh4+ 36. Kg1 Bxg3 37. fxg3 Qxg3+ 38. Kf1 Qh3+ 39. Kg1 Qg3+ 40.
Kf1 Qe5 41. bxc5 bxc5 42. Qb3 Kg7 43. Qb8 Qxe7 44. Qg8+ Kh6 45. Bc4 Qg5 46.
Qf8+ Kh5 47. Kf2 Kh4 0-1

[Event "KP MKSS 20/21"]
[Site ""]
[Date "2020.10.04"]
[Round "1.4"]
[White "Jarolim, Jan"]
[Black "Stefanik, Marek"]
[Result "1/2-1/2"]
[WhiteElo "1979"]
[BlackElo "1955"]
[PlyCount "0"]
[WhiteTeam "SK Slavoj Poruba "D""]
[BlackTeam "SK ASK Tatra Koprivnice "A""]
[EventDate "2020.10.04"]

1. Nf3 Nf6 2. b3 d5 3. e3 c5 4. Bb2 Nc6 5. d4 Bg4 6. Be2 e6 7. O-O Rc8 8. h3
Bxf3 9. Bxf3 cxd4 10. exd4 b5 11. c3 Na5 12. Qd3 Qb6 13. Nd2 Bd6 14. Be2 Rb8
15. Rac1 O-O 16. Rc2 Rfc8 17. Rfc1 Nc6 18. a3 Na5 19. Ra1 Bf4 20. b4 Nc6 21. a4
Bxd2 22. Rxd2 bxa4 23. Rxa4 a5 24. Ba3 axb4 25. Bxb4 Nxb4 26. Rxb4 Qd6 27. Rdb2
Rxb4 28. Rxb4 Ne4 29. Qa6 Qf8 30. c4 Ra8 31. Qb6 dxc4 32. Bxc4 Rd8 33. Bd3 Nf6
34. Qb5 g6 35. Ra4 Qd6 36. Qb4 Qxb4 37. Rxb4 Nd5 38. Rc4 Rd7 39. g3 Kf8 40. Kg2
Ke7 41. Be4 1/2-1/2

[Event "KP MKSS 20/21"]
[Site ""]
[Date "2020.10.04"]
[Round "1.5"]
[White "Borovicka, Bohumil"]
[Black "Hanak, Tomas"]
[Result "0-1"]
[WhiteElo "1881"]
[BlackElo "1936"]
[PlyCount "0"]
[WhiteTeam "SK ASK Tatra Koprivnice "A""]
[BlackTeam "SK Slavoj Poruba "D""]
[EventDate "2020.10.04"]

1. e4 c6 2. b3 d5 3. exd5 cxd5 4. Bb2 Nc6 5. Nf3 Bg4 6. Be2 Nf6 7. O-O e6 8. d4
Bd6 9. Ne5 Bxe2 10. Qxe2 O-O 11. Nd2 Rc8 12. Ndf3 Ne4 13. c4 f6 14. Nd3 Qe8 15.
Nd2 Qg6 16. f4 f5 17. c5 Be7 18. b4 Bf6 19. Nf3 Kh8 20. b5 Na5 21. Nfe5 Qe8 22.
a4 Nc4 23. Bc1 Rc7 24. Nf2 Nxf2 25. Rxf2 Nxe5 26. fxe5 Bh4 27. g3 Bd8 28. a5
Rcf7 29. Bd2 g5 30. Raf1 g4 31. Rc1 h5 32. c6 h4 33. Qe3 Rh7 34. Bb4 hxg3 35.
hxg3 Qh5 36. Kf1 Bg5 37. Rf4 Bxf4 38. Qxf4 Rff7 39. Bd6 Qh1+ 40. Ke2 Qg2+ 41.
Kd3 Rh2 42. Qe3 Qb2 0-1

[Event "KP MKSS 20/21"]
[Site ""]
[Date "2020.10.04"]
[Round "1.6"]
[White "Vihnar, Milan"]
[Black "Socha, Jaromir"]
[Result "1-0"]
[WhiteElo "1825"]
[BlackElo "1910"]
[PlyCount "0"]
[WhiteTeam "SK Slavoj Poruba "D""]
[BlackTeam "SK ASK Tatra Koprivnice "A""]
[EventDate "2020.10.04"]

1. e4 c5 2. Nf3 d6 3. d4 cxd4 4. Nxd4 Nf6 5. Nc3 a6 6. Be2 e5 7. Nb3 Be6 8. a4
Nc6 9. Be3 Be7 10. O-O O-O 11. f4 exf4 12. Rxf4 Nd7 13. Rf1 Nb6 14. Nd5 Bxd5
15. exd5 Ne5 16. Qd4 Nbd7 17. a5 Rc8 18. c3 Bg5 19. Bf2 Qc7 20. Qb4 Rfe8 21.
Rfe1 Re7 22. Nd4 g6 23. Nf3 Nxf3+ 24. Bxf3 Rce8 25. Rxe7 Rxe7 26. Rd1 Be3 27.
Bxe3 Rxe3 28. Kf2 Re5 29. c4 Nc5 30. Qc3 g5 31. b4 g4 32. bxc5 Qxc5+ 33. Qd4
Qxd4+ 34. Rxd4 gxf3 35. Kxf3 Kf8 36. Rd3 Re7 37. Rb3 Rc7 38. Rb4 Ke7 39. Ke4
Kf6 40. Kd4 h5 41. Rb6 Ke7 42. Rb3 Kf6 43. Rf3+ Kg6 44. Kc3 Re7 45. Kd4 Rc7 46.
Re3 Kf6 47. h4 Kf5 48. Rc3 Re7 49. Rf3+ Kg4 50. Re3 Rc7 51. g3 f5 52. Kd3 b5
53. axb6 Rb7 54. c5 dxc5 55. Kc4 Rxb6 56. Kxc5 Rb8 57. d6 f4 58. gxf4 Kxf4 59.
Re7 Rb1 60. d7 Rd1 61. Kc6 Rc1+ 62. Kb7 Rd1 63. Kc7 Rc1+ 64. Kd8 Rd1 65. Ke8
Kg4 66. Re4+ Kf5 67. Rc4 Re1+ 68. Kd8 1-0

[Event "KP MKSS 20/21"]
[Site ""]
[Date "2020.10.04"]
[Round "1.7"]
[White "Rosinsky, Pavel"]
[Black "Gajda, Rostislav"]
[Result "1-0"]
[WhiteElo "1997"]
[BlackElo "1695"]
[PlyCount "0"]
[WhiteTeam "SK ASK Tatra Koprivnice "A""]
[BlackTeam "SK Slavoj Poruba "D""]
[EventDate "2020.10.04"]

1. c4 Nc6 2. Nc3 e5 3. g3 f5 4. Bg2 Nf6 5. d3 g6 6. Bg5 Bb4 7. e3 h6 8. Bxf6
Qxf6 9. Nge2 Ne7 10. O-O c6 11. Qb3 Ba5 12. d4 Bc7 13. c5 Rb8 14. d5 b6 15.
cxb6 Rxb6 16. Qa3 a6 17. Na4 Rb5 18. dxc6 Nxc6 19. Rfd1 Qe7 20. Qxe7+ Nxe7 21.
Rac1 Kd8 22. Nec3 Rb8 23. Rd2 Rh7 24. Rcd1 Ke8 25. Nc5 d6 26. N5a4 Bb7 27. Rc2
Bxg2 28. Kxg2 Rb7 29. b3 Kf7 30. Nb2 Ke6 31. f4 e4 32. Ne2 Nc6 33. Rxc6 1-0

[Event "KP MKSS 20/21"]
[Site ""]
[Date "2020.10.04"]
[Round "1.8"]
[White "Kondula, Dominik"]
[Black "Briza, Jiri"]
[Result "1-0"]
[WhiteElo "1728"]
[BlackElo "1840"]
[PlyCount "0"]
[WhiteTeam "SK Slavoj Poruba "D""]
[BlackTeam "SK ASK Tatra Koprivnice "A""]
[EventDate "2020.10.04"]

1. e4 e5 2. d4 exd4 3. Qxd4 Nc6 4. Qe3 d6 5. Nc3 Be7 6. Bd2 Nf6 7. O-O-O Ng4 8.
Qe1 O-O 9. h3 Nge5 10. f4 Ng6 11. Nf3 Bd7 12. h4 Re8 13. h5 Nf8 14. f5 Ne5 15.
Qg3 Bf6 16. Nd5 Nxf3 17. Nxf6+ Qxf6 18. gxf3 Qe5 19. Qg2 d5 20. Bc3 Qf4+ 21.
Kb1 Qh6 22. Rxd5 Bc6 23. Rd1 Rad8 24. Bc4 Rxd1+ 25. Rxd1 Nd7 26. Rg1 Ne5 27.
Bb3 1-0

[Event "KP MKSS 20/21"]
[Site ""]
[Date "2020.10.04"]
[Round "1.1"]
[White "Olsar, Jaroslav"]
[Black "Didi, Jan"]
[Result "0-1"]
[WhiteElo "2172"]
[BlackElo "2030"]
[PlyCount "0"]
[WhiteTeam "SK Karvina "B""]
[BlackTeam "TJ Ostrava "B""]
[EventDate "2020.10.04"]

1.d4 d5 2.c4 e6 3.Nc3 Nf6 4.Nf3 Be7 5.Bf4 O-O 6.Rc1 c6 7.e3 Bd6 8.Bg5 Nbd7
9.Be2 dxc4 10.Bxc4 e5 11.O-O exd4 12.Nxd4 Ne5 13.Be2 Ng6 14.Nf3 Be7 15.e4 
h6 16.Be3 Ng4 17.Bd2 Be6 18.h3 N4e5 19.Nxe5 Nxe5 20.Bf4 Bf6 21.Qc2 Qe7 22.
Na4 b6 23.b3 c5 24.Rcd1 Rfd8 25.Nc3 Nc6 26.Rxd8+ Rxd8 27.Bd3 Nb4 0-1

[Event "KP MKSS 20/21"]
[Site ""]
[Date "2020.10.04"]
[Round "1.2"]
[White "Trombik, Karel"]
[Black "Zimniok, Lubomir"]
[Result "0-1"]
[WhiteElo "1948"]
[BlackElo "2071"]
[PlyCount "0"]
[WhiteTeam "TJ Ostrava "B""]
[BlackTeam "SK Karvina "B""]
[EventDate "2020.10.04"]

1.Nf3 Nf6 2.c4 d6 3.d3 g6 4.Nc3 Bg7 5.e4 O-O 6.g3 e5 7.Bg2 Nc6 8.O-O h6 9.
Rb1 Bd7 10.h3 Ne7 11.b4 a5 12.b5 Be6 13.Be3 b6 14.Qd2 Kh7 15.Nh4 Rb8 16.a4
g5 17.Nf3 g4 18.hxg4 Nxg4 19.Nh4 Qd7 20.Rfe1 Ng6 21.Nf3 f5 22.exf5 Bxf5 
23.Nh2 Nxe3 24.Qxe3 Rf7 25.Rbd1 Rbf8 26.Bd5 Be6 27.Re2 Ne7 28.Bxe6 Qxe6 
29.Qe4+ Kh8 30.Qg2 Nf5 31.Re4 Nd4 32.Rf1 Qg6 33.Nd1 Bf6 34.Qh3 Bg5 35.f4 
Bxf4 36.Kg2 Bg5 37.Rxf7 Qxf7 38.Qg4 Kh7 39.Re1 Qf5 40.Qxf5+ Rxf5 0-1

[Event "KP MKSS 20/21"]
[Site ""]
[Date "2020.10.04"]
[Round "1.3"]
[White "Szotek, Josef"]
[Black "Chrostek, Lukas"]
[Result "1/2-1/2"]
[WhiteElo "1977"]
[BlackElo "1894"]
[PlyCount "0"]
[WhiteTeam "SK Karvina "B""]
[BlackTeam "TJ Ostrava "B""]
[EventDate "2020.10.04"]

1.e4 e5 2.Nf3 Nc6 3.Bb5 a6 4.Ba4 b5 5.Bb3 Nf6 6.Qe2 d6 7.c3 Na5 8.Bc2 c5 
9.d3 g6 10.h3 Bg7 11.O-O O-O 12.Rd1 Qc7 13.Nbd2 Bd7 14.Nf1 b4 15.Bg5 h6 
16.Bxf6 Bxf6 17.Ne3 Be6 18.Qd2 Rab8 19.Ng4 Bxg4 20.hxg4 Bg7 21.Ba4 Rfd8 
22.c4 Nc6 23.Bxc6 Qxc6 24.g5 hxg5 25.Qxg5 Qe8 26.Nh4 Kh7 27.g3 Bh6 28.Qg4 
Qe6 29.f3 Be3+ 30.Kg2 Qxg4 31.fxg4 Bd4 32.Rf1 Kg7 33.Rab1 f6 34.Nf3 g5 35.
Nxd4 cxd4 36.Rh1 Rh8 37.Rxh8 Rxh8 38.a4 b3 39.Ra1 Rb8 40.a5 Rb4 41.Ra3 Kf7
42.Ra1 Ke6 43.Kf3 Kd7 44.Kg2 Kc6 45.Kf3 Kc5 46.Kg2 Rb8 47.Ra4 Rh8 48.Kg1 
Rh7 1/2-1/2

[Event "KP MKSS 20/21"]
[Site ""]
[Date "2020.10.04"]
[Round "1.4"]
[White "Skola, Miroslav"]
[Black "Belacik, Jan"]
[Result "1-0"]
[WhiteElo "2045"]
[BlackElo "1919"]
[PlyCount "0"]
[WhiteTeam "TJ Ostrava "B""]
[BlackTeam "SK Karvina "B""]
[EventDate "2020.10.04"]

1.e4 c5 2.c3 Nc6 3.d4 e6 4.d5 exd5 5.exd5 Ne5 6.f4 Ng6 7.Na3 d6 8.Bb5+ Bd7
9.Nf3 Bxb5 10.Nxb5 Qb6 11.c4 O-O-O 12.O-O a6 13.Nc3 Be7 14.Rb1 f5 15.Qd3 
Nf6 16.Be3 Rhf8 17.b4 Qc7 18.h3 Qd7 19.g3 Ng8 20.Rb3 Qe8 21.Rfb1 Rd7 22.
bxc5 dxc5 23.Na4 Bd8 24.Nxc5 Rff7 25.Nxd7 Rxd7 26.Qxf5 Nf6 27.Ne5 Ne7 28.
Qe6 1-0

[Event "KP MKSS 20/21"]
[Site ""]
[Date "2020.10.04"]
[Round "1.5"]
[White "Sobek, Rostislav"]
[Black "Samu, Pavel"]
[Result "0-1"]
[WhiteElo "1891"]
[BlackElo "1926"]
[PlyCount "0"]
[WhiteTeam "SK Karvina "B""]
[BlackTeam "TJ Ostrava "B""]
[EventDate "2020.10.04"]

1.d4 d5 2.Nf3 Nc6 3.c4 Bg4 4.e3 e5 5.Be2 exd4 6.Nxd4 Bxe2 7.Qxe2 Nxd4 8.
exd4+ Qe7 9.Be3 Nf6 10.Nc3 O-O-O 11.O-O dxc4 12.Qxc4 Qe6 13.Qa4 a6 14.Rfe1
Bd6 15.h3 Qf5 16.Qc4 g5 17.b4 g4 18.h4 g3 19.f3 Bf4 20.Bxf4 Qxf4 21.Ne4 
Qxh4 22.Rac1 Qh2+ 23.Kf1 Qh1+ 24.Ke2 Qxg2+ 25.Kd3 Nd5 26.Ng5 h6 27.Re7 c6 
28.Rxb7 Kxb7 29.Qxc6+ Kb8 30.Qxa6 Nxb4+ 0-1

[Event "KP MKSS 20/21"]
[Site ""]
[Date "2020.10.04"]
[Round "1.6"]
[White "Tylecek, Drahomir"]
[Black "Mrazek, Roman"]
[Result "1-0"]
[WhiteElo "1800"]
[BlackElo "1842"]
[PlyCount "0"]
[WhiteTeam "TJ Ostrava "B""]
[BlackTeam "SK Karvina "B""]
[EventDate "2020.10.04"]

1.e4 e6 2.d4 d5 3.e5 c5 4.Nc3 cxd4 5.Nb5 Bd7 6.Nxd4 Nc6 7.Ngf3 Bc5 8.c3 
Nge7 9.Bd3 Qb6 10.O-O Bxd4 11.cxd4 Nxd4 12.Be3 Nxf3+ 13.Qxf3 Qc7 14.Qg3 
Ng6 15.Bd4 Rc8 16.h4 O-O 17.h5 Ne7 18.Qg5 Nf5 19.Bxf5 exf5 20.h6 1-0

[Event "KP MKSS 20/21"]
[Site ""]
[Date "2020.10.04"]
[Round "1.7"]
[White "Walowy, Bohumir"]
[Black "Kramolis, Pavel"]
[Result "1-0"]
[WhiteElo "2010"]
[BlackElo "1821"]
[PlyCount "0"]
[WhiteTeam "SK Karvina "B""]
[BlackTeam "TJ Ostrava "B""]
[EventDate "2020.10.04"]

1.e4 c5 2.Nc3 d6 3.g3 Nc6 4.Bg2 g6 5.d3 Bg7 6.Be3 Nf6 7.h3 O-O 8.Nge2 a6 
9.Qd2 Qc7 10.O-O Bd7 11.f4 Rab8 12.f5 b5 13.Bh6 b4 14.Nd1 Nd4 15.Bxg7 
Nxe2+ 16.Qxe2 Kxg7 17.Ne3 a5 18.g4 Bc6 19.g5 Nd7 20.Qg4 Qb6 21.f6+ exf6 
22.gxf6+ Kh8 23.Qg5 Rbe8 24.Rf4 Re5 25.Qh6 Rg8 26.Nc4 Qd8 27.Nxe5 dxe5 28.
Qxh7+ 1-0

[Event "KP MKSS 20/21"]
[Site ""]
[Date "2020.10.04"]
[Round "1.8"]
[White "Repak, Jan"]
[Black "Folwarczny, Jiri"]
[Result "1-0"]
[WhiteElo "1648"]
[BlackElo "1740"]
[PlyCount "0"]
[WhiteTeam "TJ Ostrava "B""]
[BlackTeam "SK Karvina "B""]
[EventDate "2020.10.04"]

1.Nf3 g6 2.d4 Bg7 3.c4 Nf6 4.g3 d6 5.Bg2 O-O 6.O-O Nc6 7.Nc3 e5 8.dxe5 
Nxe5 9.Qb3 c6 10.Rd1 Qe7 11.Qb4 c5 12.Qb3 a6 13.Bg5 Be6 14.Nxe5 dxe5 15.
Nd5 Bxd5 16.cxd5 Rfd8 17.e4 h6 18.Bd2 Ne8 19.Be3 Rab8 20.Rac1 b6 21.Qd3 a5
22.Rc2 Nd6 23.b3 Rf8 24.f3 Rfd8 25.Bf1 Rf8 26.a3 Rfc8 27.Rdc1 Qc7 28.Qd2 
Kh7 29.b4 axb4 30.axb4 c4 31.Bxc4 Nxc4 32.Rxc4 Qxc4 33.Rxc4 Rxc4 34.d6 Bf6
35.Qd5 1-0

[Event "KP MKSS 20/21"]
[Site ""]
[Date "2020.10.04"]
[Round "1.1"]
[White "Pacl, Vaclav"]
[Black "Gemsa, Pavel"]
[Result "0-1"]
[WhiteElo "2027"]
[BlackElo "1962"]
[PlyCount "0"]
[WhiteTeam "Banik Havirov "B""]
[BlackTeam "Slezan Opava "B""]
[EventDate "2020.10.04"]

1. Nf3 Nf6 2. b3 d6 3. d4 g6 4. Bb2 Bg7 5. g3 O-O 6. Bg2 c6 7. O-O Bg4 8. h3 Bf5
9. Nbd2 Ne4 10. Nc4 d5 11. Nce5 Nd7 12. Qc1 Nxe5 13. Nxe5 f6 14. Nd3 Qc7 15. c4 Rac8 16. Qe3 g5
17. g4 Bg6 18. f4 gxf4 19. Nxf4 Bh6 20. Bxe4 Bxe4 21. Qf2 Qd6 22. c5 Qd7 23. Bc1 f5 24. Qh4 Bg7
25. Be3 e5 26. dxe5 Bxe5 27. Rad1 Rf7 28. g5 Rg7 29. Nh5 Rg6 30. Nf4 Bxf4 31. Qxf4 h6 32. h4 hxg5
33. hxg5 Qh7 34. Kf2 Re8 35. Rg1 Qh5 36. Rd2 Rge6 37. Bd4 Bh1 38. e3 Re4 39. Qc7 Qf3+ 40. Ke1 Rxe3+ 0-1

[Event "KP MKSS 20/21"]
[Site ""]
[Date "2020.10.04"]
[Round "1.2"]
[White "Kucera, Tomas"]
[Black "Reznicek, Marcel"]
[Result "0-1"]
[WhiteElo "1920"]
[BlackElo "2019"]
[PlyCount "0"]
[WhiteTeam "Slezan Opava "B""]
[BlackTeam "Banik Havirov "B""]
[EventDate "2020.10.04"]

1. e4 c5 2. Nf3 g6 3. d4 cxd4 4. Nxd4 Bg7 5. c4 Nc6 6. Be3 d6 7. Nc3 Bd7 8. Be2 Rc8
9. O-O Nf6 10. f3 O-O 11. Qd2 b6 12. Nc2 Ne5 13. b3 Bc6 14. Rae1 Ned7 15. Bh6 Nc5 16. Bxg7 Kxg7
17. Nd5 Bxd5 18. exd5 e5 19. Nb4 Nh5 20. g3 f5 21. Nc6 Qc7 22. b4 Nd7 23. Bd3 Rce8 24. Qb2 f4
25. g4 Nhf6 26. h4 Ng8 27. h5 Ne7 28. Nxe7 Rxe7 29. g5 gxh5 30. Qh2 Kh8 31. Qxh5 Rg7 32. Kf2 Rfg8
33. g6 Nf8 34. Rh1 Nxg6 35. Reg1 Nf8 36. Rg4 Rxg4 37. fxg4 Qe7 38. Qf5 Ng6 39. g5 Rg7 40. Be4 Kg8
41. Qc8+ Nf8 42. Bf5 Kf7 43. Rh6 Rxg5 44. c5 Rg2+ 45. Kxg2 Qg5+ 46. Bg4 Qxh6 47. Qc7+ Kg8 48. cxd6 Qg5
49. d7 Qxg4+ 50. Kf2 Nxd7 0-1

[Event "KP MKSS 20/21"]
[Site ""]
[Date "2020.10.04"]
[Round "1.3"]
[White "Tomecek, Jan"]
[Black "Hromada, Jan"]
[Result "1-0"]
[WhiteElo "2107"]
[BlackElo "1835"]
[PlyCount "0"]
[WhiteTeam "Banik Havirov "B""]
[BlackTeam "Slezan Opava "B""]
[EventDate "2020.10.04"]

1. d4 d5 2. Nf3 Nf6 3. g3 c6 4. Bg2 Bf5 5. O-O e6 6. Nbd2 Nbd7 7. c4 Ne4 8. Nh4 Nxd2
9. Bxd2 Bg6 10. Nxg6 hxg6 11. e4 dxe4 12. Bxe4 Nf6 13. Bg5 Be7 14. Bf3 O-O 15. Qb3 Rb8 16. Rfd1 Ne8
17. Be3 Bg5 18. d5 Bxe3 19. Qxe3 exd5 20. cxd5 cxd5 21. Rxd5 Qf6 22. Qb3 Nc7 23. Rd2 Ne6 24. Bd5 Nc5
25. Qa3 Na6 26. Re1 b5 27. Re7 b4 28. Qe3 Rbc8 29. Rxa7 Nc7 30. Bb3 Rfe8 31. Qf4 Re1+ 32. Kg2 Qxf4
33. gxf4 Re7 34. Rc2 Kf8 35. Rb7 1-0

[Event "KP MKSS 20/21"]
[Site ""]
[Date "2020.10.04"]
[Round "1.4"]
[White "Havel, Kristian"]
[Black "Vizner, Jaroslav"]
[Result "0-1"]
[WhiteElo "1717"]
[BlackElo "1892"]
[PlyCount "0"]
[WhiteTeam "Slezan Opava "B""]
[BlackTeam "Banik Havirov "B""]
[EventDate "2020.10.04"]

1. d4 d5 2. Bf4 e6 3. Nf3 c5 4. e3 Nc6 5. c3 Nge7 6. Bd3 Ng6 7. Bxg6 hxg6 8. Nbd2 b6
9. Qc2 Bb7 10. Ne5 g5 11. Bg3 Nxe5 12. Bxe5 Qd7 13. a4 f6 14. Bg3 Kf7 15. f4 Bd6 16. O-O g4
17. Nb3 c4 18. Nd2 f5 19. b3 cxb3 20. Qxb3 Rac8 21. Rfc1 Ba6 22. c4 dxc4 23. Nxc4 Bxc4 24. Rxc4 Rxc4
25. Qxc4 Rc8 26. Qb5 Qxb5 27. axb5 Bb8 28. Rb1 Rc3 29. Kf2 Rc2+ 30. Kf1 Ke7 31. Rb3 Kd7 32. Be1 Kd6
33. Rc3 Rxc3 34. Bxc3 Kd5 35. Ke2 Kc4 36. Kd2 Kxb5 37. d5 exd5 38. Bxg7 Bd6 39. Bf6 Kc6 40. h4 gxh3
41. gxh3 Kd7 42. Kc3 Ke6 43. Bd4 a5 44. Kb3 b5 0-1

[Event "KP MKSS 20/21"]
[Site ""]
[Date "2020.10.04"]
[Round "1.5"]
[White "Holeksa, Milos"]
[Black "Pavlik, Karel"]
[Result "1/2-1/2"]
[WhiteElo "1898"]
[BlackElo "1803"]
[PlyCount "0"]
[WhiteTeam "Banik Havirov "B""]
[BlackTeam "Slezan Opava "B""]
[EventDate "2020.10.04"]

1. e4 e5 2. Nf3 Nc6 3. Bb5 a6 4. Ba4 Nf6 5. d3 b5 6. Bb3 Be7 7. O-O d6 8. Nc3 Bg4
9. h3 Bxf3 10. Qxf3 Nd4 11. Qd1 Nxb3 12. axb3 O-O 13. f4 exf4 14. Bxf4 1/2-1/2

[Event "KP MKSS 20/21"]
[Site ""]
[Date "2020.10.04"]
[Round "1.6"]
[White "Janecek, Miroslav"]
[Black "Dusek, Libor"]
[Result "1/2-1/2"]
[WhiteElo "1749"]
[BlackElo "1819"]
[PlyCount "0"]
[WhiteTeam "Slezan Opava "B""]
[BlackTeam "Banik Havirov "B""]
[EventDate "2020.10.04"]

1. e4 d6 2. d4 e5 3. dxe5 dxe5 4. Qxd8+ Kxd8 5. Nf3 f6 6. Be3 Be6 7. Nc3 c6 8. O-O-O+ Nd7
9. a3 Kc7 10. Rg1 Bc5 11. Rxd7+ Kxd7 12. Bxc5 Ne7 13. g4 h6 14. Nh4 Rhg8 15. f4 exf4 16. Bxe7 Kxe7
17. Ng6+ Kf7 18. Nxf4 Rge8 19. Nxe6 Kxe6 20. Bc4+ Ke5 21. Rf1 Rad8 22. Rf5+ Kd4 23. Bd3 Re5 24. Ne2+ Ke3
25. Ng3 Rd7 26. Nf1+ Kd4 27. Kd2 Rd6 28. c3+ Kc5 29. Ne3 b5 30. b4+ Kb6 31. Rxe5 fxe5 32. c4 Rf6
33. Ke2 a6 34. c5+ Kc7 35. Nf5 g5 36. Kd2 Kd7 37. Kc3 Kc7 38. a4 Kd7 39. axb5 axb5 40. Be2 Kc7
41. Kd3 Kd7 42. h4 Ke6 43. hxg5 hxg5 44. Ne3 Rf8 45. Nc2 Ra8 1/2-1/2

[Event "KP MKSS 20/21"]
[Site ""]
[Date "2020.10.04"]
[Round "1.7"]
[White "Funiok, Richard"]
[Black "Rell, Martin"]
[Result "0-1"]
[WhiteElo "1924"]
[BlackElo "1738"]
[PlyCount "0"]
[WhiteTeam "Banik Havirov "B""]
[BlackTeam "Slezan Opava "B""]
[EventDate "2020.10.04"]

1. e4 c5 2. c4 Nc6 3. Ne2 g6 4. d4 cxd4 5. Nxd4 Bg7 6. Be3 d6 7. Nc3 Nf6 8. Be2 Bd7
9. Nb3 O-O 10. O-O Rc8 11. f3 a6 12. c5 Be6 13. cxd6 exd6 14. Qd2 d5 15. exd5 Nxd5 16. Nxd5 Bxd5
17. Nc5 Ne5 18. Rfd1 Nc4 19. Bxc4 Bxc4 20. Qb4 Qe7 21. Bf2 Bb5 22. Nxa6 Qxb4 23. Nxb4 Bxb2 24. Rab1 Ba3
25. Nd5 Bc6 26. Nf6+ Kg7 27. Bd4 Rfd8 28. Ng4+ Rxd4 29. Rxd4 Bc5 30. Rbd1 Rd8 31. h4 Rxd4 32. Rxd4 Bxd4+
33. Kf1 f5 34. Nf2 Bd5 35. a3 b5 36. Nd1 Bc5 37. Ke2 Bxa3 38. Kd3 Bc5 39. Nc3 Bc4+ 40. Kc2 Bd4
41. Nb1 b4 42. Nd2 b3+ 43. Nxb3 Bxb3+ 44. Kxb3 Kh6 45. g4 fxg4 46. fxg4 Bf2 47. h5 Kg5 48. Kc4 Kxg4
49. hxg6 hxg6 50. Kd5 Kf3 0-1

[Event "KP MKSS 20/21"]
[Site ""]
[Date "2020.10.04"]
[Round "1.8"]
[White "Klapuch, Dominik"]
[Black "Gil, Karel"]
[Result "0-1"]
[WhiteElo "1198"]
[BlackElo "1790"]
[PlyCount "0"]
[WhiteTeam "Slezan Opava "B""]
[BlackTeam "Banik Havirov "B""]
[EventDate "2020.10.04"]

1. e4 c5 2. Nf3 Nc6 3. d4 cxd4 4. Nxd4 Nf6 5. Nc3 d6 6. Be2 e5 7. Nb3 Be6 8. Be3 Be7
9. Qd2 O-O 10. O-O-O a6 11. f3 b5 12. Nd5 Bxd5 13. exd5 Nb8 14. Nc5 dxc5 15. d6 Bxd6 16. Qxd6 Nbd7
17. Bxc5 Nxc5 18. Qxc5 Qa5 19. Kb1 Rfe8 20. Rd3 Rac8 21. Qa3 Qb6 22. Rf1 Red8 23. Rxd8+ Rxd8 24. Rd1 Rxd1+
25. Bxd1 a5 26. Qe7 Qd4 27. b4 Qxd1+ 28. Kb2 Qd4+ 29. c3 Qd2+ 30. Kb3 0-1

[Event "KP MKSS 20/21"]
[Site ""]
[Date "2020.10.04"]
[Round "1.1"]
[White "Hromada, Pavel"]
[Black "Kopta, Jiri"]
[Result "1/2-1/2"]
[WhiteElo "2185"]
[BlackElo "1945"]
[PlyCount "0"]
[WhiteTeam "Slezan Opava "A""]
[BlackTeam "SK Slavia Orlova "C""]
[EventDate "2020.10.04"]

1. e4 c5 2. d4 cxd4 3. c3 g6 4. Nf3 Bg7 5. cxd4 d5 6. exd5 Nf6 7. Nc3 O-O 8.
Bc4 Nbd7 9. O-O Nb6 10. Bb3 Nfxd5 11. Re1 Bg4 12. h3 Bxf3 13. Qxf3 e6 14. Qg4
h5 15. Qe4 Rc8 16. Rd1 Rxc3 17. bxc3 Nxc3 18. Qf3 Nxd1 19. Bxd1 Qxd4 20. Rb1
Rd8 21. Bc2 Qc3 22. Qe2 Qe5 23. Qf3 Qe1+ 24. Kh2 Qc3 25. Be4 Qxf3 26. Bxf3 Bd4
27. Kg1 Rd7 28. Rb4 e5 29. Kf1 f5 30. Bg5 e4 31. Bd1 Kg7 32. Bb3 a5 33. Rb5 a4
34. Bc2 Rd5 35. Rb4 Bc5 36. Rb5 Bd4 37. Rb4 Bc5 38. Rb5 1/2-1/2

[Event "KP MKSS 20/21"]
[Site ""]
[Date "2020.10.04"]
[Round "1.2"]
[White "Nytra, Petr"]
[Black "Muzik, Martin"]
[Result "1-0"]
[WhiteElo "1927"]
[BlackElo "2095"]
[PlyCount "0"]
[WhiteTeam "SK Slavia Orlova "C""]
[BlackTeam "Slezan Opava "A""]
[EventDate "2020.10.04"]

1. e4 d6 2. d4 Nf6 3. Bd3 e5 4. c3 g6 5. Nf3 Qe7 6. O-O Bg7 7. Bg5 h6 8. Bh4 g5
9. Bg3 Nbd7 10. Nbd2 O-O 11. Re1 b6 12. Nc4 Ne8 13. Ne3 Bb7 14. Nf5 Qf6 15. h3
c6 16. Nh2 Kh8 17. h4 Qg6 18. hxg5 hxg5 19. Re3 Nc7 20. Bxe5 1-0